000 00320nam a2200121Ia 4500
008 220204s9999 xx 000 0 und d
082 _a621.38(083.4)
_bHER
245 0 _aHandbook of electronic tables and formulas
260 _aBombay
_bTaraporevala
_c1976
700 _aMeachem, Donald
700 _aStanley
942 _cBK
999 _c29476
_d29476